Country Shape Sudoku - Statistics

General Stats
  • This quiz has been taken 1,373 times
  • The average score is 25 of 51
Answers on the Map
Answers color-coded by a green-red scale on the quiz's map according to % correct below.
 
Answer Stats
Answer % Correct
C
65%
B
60%
G
58%
F
57%
D
57%
C
55%
I
55%
I
54%
I
53%
A
53%
B
53%
D
52%
I
52%
G
52%
A
51%
B
49%
C
49%
H
49%
C
48%
A
48%
B
48%
A
48%
C
48%
G
48%
B
47%
C
47%
D
47%
E
47%
G
47%
G
46%
H
46%
E
46%
C
46%
G
46%
H
46%
C
46%
G
45%
D
44%
F
44%
D
44%
G
44%
H
44%
F
44%
E
44%
E
44%
F
44%
H
44%
F
43%
F
43%
D
43%
E
43%
No matching quizzes found
Score Distribution
Percent of People with Each Score
Percentile by Number Answered
Your Score History
You have not taken this quiz